Границы утопичности и пределы эффективности образования; Высшее образование в России; № 10
| Parent link: | Высшее образование в России: научно-педагогический журнал № 10.— 2009.— [С. 100-104] |
|---|---|
| 1. Verfasser: | |
| Zusammenfassung: | Заглавие с экрана Режим доступа: по договору с организацией-держателем ресурса |
| Sprache: | Russisch |
| Veröffentlicht: |
2009
|
| Schlagworte: | |
| Online-Zugang: | http://elibrary.ru/item.asp?id=12923698 |
| Format: | MixedMaterials Elektronisch Buchkapitel |
| KOHA link: | https://koha.lib.tpu.ru/cgi-bin/koha/opac-detail.pl?biblionumber=638520 |
MARC
| LEADER | 00000naa0a2200000 4500 | ||
|---|---|---|---|
| 001 | 638520 | ||
| 005 | 20250204145400.0 | ||
| 035 | |a (RuTPU)RU\TPU\network\2885 | ||
| 090 | |a 638520 | ||
| 100 | |a 20150128a2009 k||y0rusy50 ca | ||
| 101 | 0 | |a rus | |
| 102 | |a RU | ||
| 135 | |a drcn ---uucaa | ||
| 181 | 0 | |a i | |
| 182 | 0 | |a b | |
| 200 | 1 | |a Границы утопичности и пределы эффективности образования |f Е. Н. Роготнева | |
| 203 | |a Текст |c электронный | ||
| 300 | |a Заглавие с экрана | ||
| 320 | |a [Библиогр.: с. 104 (8 назв.)] | ||
| 333 | |a Режим доступа: по договору с организацией-держателем ресурса | ||
| 461 | |t Высшее образование в России |o научно-педагогический журнал | ||
| 463 | |t № 10 |v [С. 100-104] |d 2009 | ||
| 610 | 1 | |a электронный ресурс | |
| 610 | 1 | |a труды учёных ТПУ | |
| 610 | 1 | |a образовательные системы | |
| 610 | 1 | |a утопия | |
| 610 | 1 | |a границы | |
| 610 | 1 | |a эффективность | |
| 700 | 1 | |a Роготнева |b Е. Н. |c социолог |c доцент Томского политехнического университета, кандидат философских наук |f 1976- |g Елена Николаевна |3 (RuTPU)RU\TPU\pers\26989 |9 12580 | |
| 801 | 2 | |a RU |b 63413507 |c 20150128 |g RCR | |
| 856 | 4 | |u http://elibrary.ru/item.asp?id=12923698 | |
| 942 | |c CF | ||